| 000 | 00000nam##2200000za#4500 |
| 001 | 9.696680 |
| 003 | CaOODSP |
| 005 | 20210624235137 |
| 007 | cr ||||||||||| |
| 008 | 150407|2001||||xxc|||||o f|0| 0 eng|d |
| 040 | |aCaOODSP|beng |
| 043 | |an-cn--- |
| 086 | 1 |aH68-52/1998E-PDF |
| 110 | 1 |aCanada.|bNational Council of Welfare. |
| 245 | 10|aChild poverty profile, 1998 |h[electronic resource] |
| 246 | 1 |iAt head of title : |aNational Council of Welfare reports volume #114 |
| 260 | |aOttawa - Ontario : |bNational Council of Welfare |cSummer 2001. |
| 300 | |a71p.|bfigs., graphs, tables |
| 500 | |aThe catalogue number (H68-52/1998E) and ISBN (0-662-30954-5) for the print edition have been incorrectly copied in this electronic publication. |
| 590 | |a12-38-Supp|b2012-09-27 |
| 690 | 07|aChild poverty|2gcpds |
| 775 | 08|tProfil de la pauvreté infantile, 1998 |w(CaOODSP)9.640788 |
| 776 | 0#|tChild poverty profile, 1998 |w(CaOODSP)9.648284 |
| 856 | 40|ahttp://publications.gc.ca|qPDF|s3.36 MB|uhttps://publications.gc.ca/collections/collection_2012/cnb-ncw/H68-52-1998-eng.pdf |